000 00745nam a2200145Ia 4500
008 151213s9999 xx 000 0 und d
020 _a984-809033-3
100 _aUniversity Grant Commission
245 _aবাংলাদেশ বিশ্ববিদ্যালয় মন্ঞ্জুরী কমিশন বার্ষিক প্রতিবেদন-২০০৫
_bবাংলাদেশ বিশ্ববিদ্যালয় মন্ঞ্জুরী কমিশন বার্ষিক প্রতিবেদন-২০০৫
_cUniversity Grant Commission
260 _aDhaka
_bUniversity Grant Commission
_c2005
300 _a4636 p.
650 _aBangla
700 _aUniversity Grant Commission
999 _c2986
_d2986